| 000 | 00402nam a22001577a 4500 | ||
|---|---|---|---|
| 003 | CEME | ||
| 005 | 20210628203523.0 | ||
| 008 | 210316b xxu||||| |||| 00| 0 eng d | ||
| 040 | _c. | ||
| 082 | _a629.1 FUN'K | ||
| 100 |
_aKuo, Kenneth K , Summerfield, Martin _965987 |
||
| 245 | _aFundamentals of solid propellant combustion | ||
| 260 |
_aUSA _bAIAA _c1994 |
||
| 300 | _aXX,891P | ||
| 942 |
_cBK _2ddc |
||
| 999 |
_c574045 _d574045 |
||